| 000 | 00786cam a22001694a 4500 | ||
|---|---|---|---|
| 005 | 20250605163659.0 | ||
| 008 | 250528s ||||||||||||||||||||||||d | ||
| 035 | _a24196 | ||
| 040 |
_aGR-AtMCL _bgre _dGR-AtMCL _eAACR2 |
||
| 245 | 1 | _aΗ Κοινωνική Πρόκληση | |
| 260 |
_bΕπιτροπή Των Ευρωπαϊκών Κοινοτήτων, _c1991 |
||
| 300 | _a6 | ||
| 520 | _aΤο Ευρωπαϊκό Κοινωνικό Ταμείο, Πρασία των Εργαζομένων, Ο Κοινωνικός Χάρτης, Ίση Μεταχείριση Ανδρών και Γυναικών, Διαβούλευση και Συμμετοχή των Εργαζομένων, Μελλοντική Δράση. | ||
| 942 | _cCR | ||
| 999 |
_c9091 _d9091 |
||